| 000 | 00615cam a2200217 4500 | ||
|---|---|---|---|
| 008 | 090401t1999 xxu||||| |||| 00| 0 eng d | ||
| 020 | _a1840282401 | ||
| 035 | _a(Sirsi) u89368 | ||
| 041 | _aeng | ||
| 050 | _a658.4 | ||
| 100 | _aRoebuck, Chris | ||
| 245 | _aEffective leadership. | ||
| 260 |
_aLondon _bMarshall Publishing _c1999 |
||
| 350 | _a9.99 | ||
| 520 | _aDue to be published April 1999. Produced in association with Video arts. | ||
| 650 | _aPEOPLE MANAGEMENT | ||
| 650 | _aTEAM BUILDING | ||
| 690 | _aMANAGEMENT-BUSINESS MANAGEMENT-PROFESSIONAL PRACTICE | ||
| 942 | _n0 | ||
| 948 | _c29/10/1998 | ||
| 999 |
_c97452 _d97452 |
||